000
00328nam a2200133Ia 4500
008
150201s2009 xx 000 0 und d
082
_a
617.6
_b
D09B
100
_a
BOYD, LINDA , R.B.
245
_a
DENTAL INSTRUMENT: A POKET GUIDE
260
_b
ELSEVIER
_a
DELHI
_c
2009
300
_a
1-688
650
_a
DENTISTRY
942
_2
ddc
_c
BK
999
_c
1253
_d
1253